[Event "OP-2021-0-05099"]
[Site "LSS email"]
[Date "2021.02.11"]
[Round "?"]
[White "Aleixandre, Pascal"]
[Black "Shim Ng Min, Francis"]
[Result "0-1"]
[WhiteElo "1228"]
[BlackElo "1114"]
[PlyCount "50"]
[EventDate "2021.02.11"]
[EventType "tourn (corr)"]
[EventRounds "4"]
[EventCountry "GER"]
[SourceTitle "Corr 2024"]
[Source "ChessBase"]
[SourceDate "2023.10.19"]
[SourceVersion "1"]
[SourceVersionDate "2023.10.19"]
[SourceQuality "1"]

1. e4 c5 2. Nf3 d6 3. d4 cxd4 4. Nxd4 Nf6 5. Nc3 a6 6. Be3 e5 7. Nb3 Be6 8. Qd2 Be7 9. 0-0-0 0-0 10. f4 Nc6 11. f5 Bd7 12. g4 Nxg4 13. Rg1 Nxe3 14. Qxe3 Rc8 15. Qh6 Bf6 16. Rxd6 Kh8 17. Qd2 Nd4 18. Nxd4 exd4 19. Nd5 Be5 20. f6 g6 21. Qh6 Rg8 22. Rb6 Bc6 23. Ne7 Qxb6 24. Nxc8 Qc7 25. Rg4 Bxf6 0-1

[Event "RE-2020-0-00226"]
[Site "LSS email"]
[Date "2020.12.19"]
[Round "?"]
[White "Aleixandre, Pascal"]
[Black "Couspeyre, Thierry"]
[Result "0-1"]
[WhiteElo "1222"]
[BlackElo "1277"]
[PlyCount "42"]
[EventDate "2020.10.01"]
[EventType "tourn (corr)"]
[EventRounds "6"]
[EventCountry "GER"]
[SourceTitle "Corr 2022"]
[Source "ChessBase"]
[SourceDate "2021.10.24"]
[SourceVersion "1"]
[SourceVersionDate "2021.10.24"]
[SourceQuality "1"]

1. d4 Nf6 2. e3 c5 3. c3 e6 4. Bd3 Nc6 5. f4 Be7 6. Nf3 0-0 7. 0-0 Qc7 8. Nbd2 Nd5 9. Ne4 b6 10. Ne5 Bb7 11. Rf3 d6 12. Ng4 f5 13. Nef2 fxg4 14. Nxg4 Nf6 15. Rh3 g6 16. Nxf6+ Bxf6 17. Qg4 Qf7 18. f5 Be7 19. e4 cxd4 20. Bh6 Ne5 21. fxg6 Qf2+ 0-1

[Event "ZL-2013-0-01264"]
[Site "LSS email"]
[Date "2013.02.22"]
[Round "?"]
[White "Fiser, Otakar"]
[Black "Aleixandre, Pascal"]
[Result "1-0"]
[WhiteElo "1356"]
[BlackElo "1200"]
[PlyCount "47"]
[EventDate "2013.02.17"]
[EventType "match (corr)"]
[EventRounds "2"]
[EventCountry "GER"]
[SourceTitle "Telechess CBM 159"]
[Source "ChessBase"]
[SourceDate "2014.03.17"]
[SourceVersion "1"]
[SourceVersionDate "2014.03.17"]
[SourceQuality "1"]

1. d4 Nf6 2. c4 c5 3. d5 e6 4. dxe6 fxe6 5. Bg5 Be7 6. Nc3 0-0 7. e4 Nxe4 8. Bxe7 Nxc3 9. Qd6 Ne4 10. Bxd8 Nxd6 11. Be7 Rf7 12. Bxd6 b6 13. Nf3 Bb7 14. Ne5 Rf5 15. f3 Nc6 16. Nxc6 Bxc6 17. Bd3 Rf7 18. Kd2 Re8 19. Rhe1 Rd8 20. a4 Ra8 21. Kc3 a5 22. Bc2 Bb7 23. Rad1 Rc8 24. h4 1-0

[Event "SE-2012-0-00128"]
[Site "LSS email"]
[Date "2012.12.17"]
[Round "?"]
[White "Camps, Jean Pierre"]
[Black "Aleixandre, Pascal"]
[Result "1-0"]
[WhiteElo "1629"]
[BlackElo "1194"]
[PlyCount "61"]
[EventDate "2012.11.14"]
[EventType "tourn (corr)"]
[EventRounds "6"]
[EventCountry "GER"]
[SourceTitle "Telechess CBM 161"]
[Source "ChessBase"]
[SourceDate "2014.07.16"]
[SourceVersion "1"]
[SourceVersionDate "2014.07.16"]
[SourceQuality "1"]

1. e4 c6 2. Nc3 d5 3. Qf3 dxe4 4. Nxe4 Nd7 5. d4 Ngf6 6. Bc4 e6 7. Ne2 Nxe4 8. Qxe4 Nf6 9. Qf3 Bd6 10. 0-0 0-0 11. Bg5 Be7 12. c3 Nd5 13. Bxe7 Qxe7 14. Nf4 Qf6 15. Nxd5 cxd5 16. Qxf6 gxf6 17. Bd3 e5 18. Rae1 e4 19. Bc2 b6 20. f3 Ba6 21. Rf2 f5 22. g4 fxg4 23. fxe4 Rae8 24. e5 f6 25. e6 Re7 26. Bf5 Rg7 27. Rg2 h5 28. h3 gxh3 29. Rxg7+ Kxg7 30. e7 Re8 31. Bd7 1-0

[Event "OP-2012-0-02522"]
[Site "LSS email"]
[Date "2012.12.01"]
[Round "?"]
[White "Aleixandre, Pascal"]
[Black "Loktayev, Vladislav"]
[Result "0-1"]
[WhiteElo "1200"]
[BlackElo "1499"]
[PlyCount "50"]
[EventDate "2012.11.28"]
[EventType "tourn (corr)"]
[EventRounds "4"]
[EventCountry "GER"]
[SourceTitle "Telechess CBM 159"]
[Source "ChessBase"]
[SourceDate "2014.03.17"]
[SourceVersion "1"]
[SourceVersionDate "2014.03.17"]
[SourceQuality "1"]

1. e4 c5 2. Nf3 d6 3. d4 cxd4 4. Nxd4 Nf6 5. Nc3 a6 6. Be3 e5 7. Nb3 Be7 8. f3 0-0 9. Qd2 Be6 10. 0-0-0 Nbd7 11. g4 b5 12. g5 b4 13. gxf6 bxc3 14. Qxc3 Nxf6 15. Qa5 d5 16. h4 Qxa5 17. Nxa5 Rfc8 18. Kb1 dxe4 19. fxe4 Nxe4 20. Bg2 Bf5 21. Bxe4 Bxe4 22. Rh2 f5 23. b3 Rab8 24. h5 Rb5 25. Rd7 Bf6 0-1

[Event "ZL-2012-0-01171"]
[Site "LSS email"]
[Date "2012.07.15"]
[Round "?"]
[White "Aleixandre, Pascal"]
[Black "Lauer, Fredric"]
[Result "1-0"]
[WhiteElo "1220"]
[BlackElo "1033"]
[PlyCount "97"]
[EventDate "2012.07.09"]
[EventType "match (corr)"]
[EventRounds "2"]
[EventCountry "GER"]
[SourceTitle "Telechess CBM 153"]
[Source "ChessBase"]
[SourceDate "2013.03.14"]
[SourceVersion "1"]
[SourceVersionDate "2013.03.14"]
[SourceQuality "1"]

1. e4 d5 2. exd5 Qxd5 3. Nc3 Qd6 4. d4 Nf6 5. Nf3 a6 6. g3 Bg4 7. Bg2 Nc6 8. Bf4 Qd7 9. d5 Bxf3 10. Bxf3 Na7 11. 0-0 0-0-0 12. Re1 Nb5 13. Qd3 g6 14. Be5 Bg7 15. Rad1 Nxc3 16. Qxc3 Rhg8 17. a4 Nh5 18. Bxh5 Bxe5 19. Qxe5 gxh5 20. b3 h4 21. Qxe7 hxg3 22. Qxd7+ Rxd7 23. hxg3 Rgd8 24. Re5 c6 25. c4 cxd5 26. cxd5 Rd6 27. Re7 R6d7 28. Rxd7 Kxd7 29. Rd4 Kd6 30. Rh4 Kxd5 31. Rxh7 Ke6 32. Rh4 f5 33. Rf4 a5 34. b4 axb4 35. Rxb4 Ra8 36. f4 Ra6 37. Rxb7 Rxa4 38. Rb6+ Kf7 39. Kg2 Kg7 40. Kh3 Ra3 41. Kh4 Rc3 42. Kg5 Rxg3+ 43. Kxf5 Ra3 44. Rb7+ Kf8 45. Kg4 Ra4 46. Kg5 Ra8 47. f5 Rc8 48. Kg6 Rd8 49. f6 1-0

[Event "ZL-2012-0-01163"]
[Site "LSS email"]
[Date "2012.06.29"]
[Round "?"]
[White "Aleixandre, Pascal"]
[Black "Guaimare Rodriguez, Carlos Luis"]
[Result "0-1"]
[WhiteElo "1220"]
[BlackElo "1060"]
[PlyCount "68"]
[EventDate "2012.06.16"]
[EventType "match (corr)"]
[EventRounds "2"]
[EventCountry "GER"]
[SourceTitle "Telechess CBM 153"]
[Source "ChessBase"]
[SourceDate "2013.03.14"]
[SourceVersion "1"]
[SourceVersionDate "2013.03.14"]
[SourceQuality "1"]

1. e4 e6 2. d4 d5 3. Nc3 Nf6 4. Bg5 Bb4 5. e5 h6 6. Bd2 Bxc3 7. bxc3 Ne4 8. Qg4 g6 9. Bd3 Nxd2 10. Kxd2 c5 11. Nf3 Nc6 12. Qf4 c4 13. Be2 Qe7 14. h4 Bd7 15. g4 0-0-0 16. h5 g5 17. Qf6 Qxf6 18. exf6 Rhe8 19. Rhe1 e5 20. Nxe5 Nxe5 21. dxe5 Rxe5 22. Bf3 Rde8 23. Rxe5 Rxe5 24. Re1 Rxe1 25. Kxe1 Be6 26. Kd2 Kc7 27. Be2 Kd6 28. Ke3 Ke5 29. a3 Kxf6 30. Kd4 b6 31. Bf3 Ke7 32. Bd1 Kd6 33. f3 f5 34. gxf5 Bxf5 0-1

[Event "ZL-2012-0-01163"]
[Site "LSS email"]
[Date "2012.06.29"]
[Round "?"]
[White "Guaimare Rodriguez, Carlos Luis"]
[Black "Aleixandre, Pascal"]
[Result "1/2-1/2"]
[WhiteElo "1060"]
[BlackElo "1220"]
[PlyCount "73"]
[EventDate "2012.06.16"]
[EventType "match (corr)"]
[EventRounds "2"]
[EventCountry "GER"]
[SourceTitle "Telechess CBM 153"]
[Source "ChessBase"]
[SourceDate "2013.03.14"]
[SourceVersion "1"]
[SourceVersionDate "2013.03.14"]
[SourceQuality "1"]

1. d4 Nf6 2. c4 e6 3. Nc3 Bb4 4. e3 0-0 5. Nge2 d5 6. a3 Be7 7. cxd5 exd5 8. Nf4 c6 9. Bd3 a5 10. 0-0 Na6 11. Bd2 Nc7 12. f3 b5 13. Rc1 Ne6 14. Nce2 Qb6 15. b4 axb4 16. Bxb4 Bxb4 17. axb4 Re8 18. Re1 Ra7 19. Nxe6 Bxe6 20. Qc2 Rae7 21. Qxc6 Qxc6 22. Rxc6 Bd7 23. Rc3 Rxe3 24. Kf2 R3e6 25. Rec1 h6 26. Nf4 Rd6 27. Rc5 g5 28. Ne2 Rb8 29. Nc3 Kg7 30. Bxb5 Rdb6 31. Bxd7 Nxd7 32. Rxd5 Nf6 33. Ra5 Rxb4 34. d5 Rb2+ 35. Kg1 Rd2 36. Ne4 Rxd5 37. Rxd5 1/2-1/2

[Event "LSS SE-2009-0-00036"]
[Site "LSS email"]
[Date "2009.12.31"]
[Round "?"]
[White "Clark, Mark J"]
[Black "Aleixandre, Pascal"]
[Result "1-0"]
[WhiteElo "1260"]
[BlackElo "1208"]
[PlyCount "67"]
[EventDate "2009.11.06"]
[EventType "tourn (corr)"]
[EventRounds "6"]
[EventCountry "GER"]
[SourceTitle "Corr 2013"]
[Source "ChessBase"]
[SourceDate "2012.11.12"]
[SourceVersion "1"]
[SourceVersionDate "2012.11.12"]
[SourceQuality "1"]
[WhiteTeam "US of America"]
[BlackTeam "US of America"]
[WhiteTeamCountry "USA"]
[BlackTeamCountry "USA"]

1. e4 c5 2. Nc3 Nc6 3. f4 g6 4. Nf3 Bg7 5. Bc4 e6 6. 0-0 Nge7 7. d3 d5 8. Bb5 a6 9. Bxc6+ Nxc6 10. e5 b5 11. a3 0-0 12. Ne2 d4 13. b4 cxb4 14. axb4 Nxb4 15. Nexd4 Qb6 16. Ba3 Bb7 17. c3 Bxf3 18. Qxf3 Nc2 19. Bxf8 Rxf8 20. Ra2 Nxd4 21. Qe3 Ne2+ 22. Rxe2 Qc7 23. Rc1 Ra8 24. Qe4 Ra7 25. d4 a5 26. Qb1 Qb8 27. Rb2 Rb7 28. Qa2 Qa7 29. Rcb1 Qa6 30. Kf2 Bf8 31. Ra1 Ra7 32. Qb1 b4 33. cxb4 Bxb4 34. Rxb4 1-0

[Event "LSS SE-2009-0-00031"]
[Site "LSS email"]
[Date "2009.10.18"]
[Round "?"]
[White "Aleixandre, Pascal"]
[Black "Raines, David T"]
[Result "0-1"]
[WhiteElo "1242"]
[BlackElo "1243"]
[PlyCount "80"]
[EventDate "2009.07.29"]
[EventType "tourn (corr)"]
[EventRounds "6"]
[EventCountry "GER"]
[SourceTitle "Telechess CBM 137"]
[Source "ChessBase"]
[SourceDate "2010.07.15"]
[SourceVersion "1"]
[SourceVersionDate "2010.07.15"]
[SourceQuality "1"]

1. d4 d5 2. c4 c6 3. Nf3 Nf6 4. e3 e6 5. Nc3 Nbd7 6. Bd3 dxc4 7. Bxc4 b5 8. Bd3 a6 9. e4 Bb7 10. 0-0 c5 11. d5 c4 12. Bc2 Qc7 13. dxe6 fxe6 14. Nd4 Nc5 15. Be3 Bd6 16. Nf3 0-0 17. Bxc5 Bxc5 18. Qe2 Qb6 19. Rad1 Rad8 20. h3 h6 21. a3 Nh5 22. Rxd8 Qxd8 23. Rd1 Qb6 24. Rd2 Nf4 25. Qd1 a5 26. Ne5 Bc8 27. Qg4 Bd4 28. Nf3 e5 29. Qg3 b4 30. axb4 axb4 31. Nd5 Nxd5 32. exd5 Bf5 33. Nxe5 c3 34. bxc3 bxc3 35. Re2 Bxc2 36. Nd7 Qb1+ 37. Kh2 Bd3 38. Nxf8 Bxe2 39. Ne6 Bf6 40. d6 Qd3 0-1

[Event "LSS SE-2009-0-00030"]
[Site "LSS email"]
[Date "2009.09.30"]
[Round "?"]
[White "Aleixandre, Pascal"]
[Black "Clark, Mark J"]
[Result "0-1"]
[WhiteElo "1224"]
[BlackElo "1287"]
[PlyCount "64"]
[EventDate "2009.07.18"]
[EventType "tourn (corr)"]
[EventRounds "6"]
[EventCountry "GER"]
[SourceTitle "Telechess CBM 137"]
[Source "ChessBase"]
[SourceDate "2010.07.15"]
[SourceVersion "1"]
[SourceVersionDate "2010.07.15"]
[SourceQuality "1"]

1. e4 Nc6 2. d4 e5 3. Nf3 exd4 4. Nxd4 Qf6 5. Nb5 Bc5 6. Qe2 Bb6 7. N1c3 Nge7 8. Be3 0-0 9. Bxb6 cxb6 10. 0-0-0 a6 11. Nc7 Qf4+ 12. Qd2 Qxc7 13. f4 d6 14. Be2 b5 15. Qxd6 Qxd6 16. Rxd6 Be6 17. Kb1 Rfd8 18. Rdd1 Nd4 19. a3 Nxe2 20. Nxe2 Bg4 21. Rxd8+ Rxd8 22. Nc3 Rd4 23. h3 Bd7 24. f5 f6 25. g4 Bc6 26. Re1 Kf7 27. Kc1 a5 28. Rd1 Rxd1+ 29. Kxd1 b4 30. axb4 axb4 31. Na2 Bxe4 32. Nxb4 Bg2 0-1

[Event "LSS SF-2009-0-00030"]
[Site "LSS email"]
[Date "2009.05.27"]
[Round "?"]
[White "Aleixandre, Pascal"]
[Black "Davidson, Eric"]
[Result "1/2-1/2"]
[WhiteElo "1140"]
[BlackElo "1002"]
[PlyCount "103"]
[EventDate "2009.04.16"]
[EventType "tourn (corr)"]
[EventRounds "6"]
[EventCountry "GER"]
[SourceTitle "Corr 2011"]
[Source "ChessBase"]
[SourceDate "2010.08.31"]
[SourceVersion "1"]
[SourceVersionDate "2010.08.31"]
[SourceQuality "1"]

1. e4 c5 2. Nf3 d6 3. d4 cxd4 4. Nxd4 Nf6 5. Nc3 a6 6. Be3 Ng4 7. Bg5 h6 8. Bh4 g5 9. Bg3 Bg7 10. Be2 Nf6 11. Qd2 Nbd7 12. Nf5 0-0 13. Nxe7+ Qxe7 14. Bxd6 Qe6 15. Bxf8 Nxf8 16. Bd3 Bd7 17. 0-0 Re8 18. Rfe1 Ng6 19. g3 Ne5 20. Qe2 Qh3 21. f4 Bg4 22. Qg2 Nf3+ 23. Kh1 Qxg2+ 24. Kxg2 Nxe1+ 25. Rxe1 Bc8 26. e5 Nd7 27. Ne4 gxf4 28. gxf4 Bf8 29. Re3 b6 30. Rg3+ Kh8 31. h3 Bb7 32. Kh2 Bxe4 33. Bxe4 Bg7 34. Bc6 Re7 35. Rd3 Nf8 36. c3 Ne6 37. Kg3 Nxf4 38. Kxf4 Bxe5+ 39. Kf5 Kg7 40. a3 Bc7 41. Kg4 Re6 42. Bd7 Rd6 43. Rxd6 Bxd6 44. Kf5 Bg3 45. b4 a5 46. bxa5 bxa5 47. c4 Kf8 48. c5 Ke7 49. c6 Bc7 50. a4 Bd6 51. h4 Bc7 52. h5 1/2-1/2

[Event "LSS SF-2009-0-00030"]
[Site "LSS email"]
[Date "2009.05.26"]
[Round "?"]
[White "Zukan, Jakob"]
[Black "Aleixandre, Pascal"]
[Result "0-1"]
[WhiteElo "882"]
[BlackElo "1051"]
[PlyCount "48"]
[EventDate "2009.04.16"]
[EventType "tourn (corr)"]
[EventRounds "6"]
[EventCountry "GER"]
[SourceTitle "Corr 2011"]
[Source "ChessBase"]
[SourceDate "2010.08.31"]
[SourceVersion "1"]
[SourceVersionDate "2010.08.31"]
[SourceQuality "1"]

1. d4 Nf6 2. Nf3 d5 3. e3 c5 4. Be2 e6 5. 0-0 Nc6 6. Ne5 Nxe5 7. Nc3 Nc6 8. Bb5 Bd7 9. b3 Be7 10. Re1 Qb6 11. a4 cxd4 12. exd4 Bb4 13. Bb2 Nxd4 14. Re3 Bxc3 15. Bxc3 Nxb5 16. axb5 Bxb5 17. Bxf6 gxf6 18. Rg3 0-0-0 19. Qf3 f5 20. Qh5 Be8 21. Rg7 Qd4 22. Rd1 Qxg7 23. Qf3 Bc6 24. Qe3 d4 0-1

[Event "LSS ZL-2009-0-00519"]
[Site "LSS email"]
[Date "2009.05.14"]
[Round "?"]
[White "Aleixandre, Pascal"]
[Black "Checa, Nicholas de T"]
[Result "1-0"]
[WhiteElo "1051"]
[BlackElo "1131"]
[PlyCount "39"]
[EventDate "2009.05.12"]
[EventType "match (corr)"]
[EventRounds "2"]
[EventCountry "GER"]
[SourceTitle "Corr 2011"]
[Source "ChessBase"]
[SourceDate "2010.08.31"]
[SourceVersion "1"]
[SourceVersionDate "2010.08.31"]
[SourceQuality "1"]

1. e4 c5 2. Nf3 Nc6 3. d4 cxd4 4. Nxd4 Nf6 5. Nc3 e5 6. Ndb5 Bb4 7. Nd6+ Bxd6 8. Qxd6 Nd4 9. Qxe5+ Ne6 10. Nd5 Nxd5 11. exd5 f6 12. Qe4 Qe7 13. dxe6 Qxe6 14. Qxe6+ Kd8 15. Qf7 Re8+ 16. Be3 d6 17. 0-0-0 Re6 18. Qf8+ Kc7 19. Bf4 a5 20. Rxd6 1-0